000 01234nam a2200217Ia 4500
999 _c55854
_d55854
001 22951
003 GE_BSU
005 20250909191110.0
008 181216s2011||||ge |||||||||||||| ||geo||
040 _cGE_BSU
041 _ageo
080 _a81'244+81'272+811.353.1'244 ს–36
245 _aსახელმწიფო ენის სწავლების საკითხები, პრობლემები და გამოწვევები. ივლისი 14-15 2011 /
_cსარედ. საბჭო: დ. თვალთვაძე ; ვანე ჯავახიშვილის სახელობის თბილისის სახელმწიფო უნივერსიტეტი.
264 _aთბილისი :
_b?,
_c2011.
300 _a185 გვ. ;
_c 30 სმ.
541 _h8 ლ.
653 _aპრობლემები და გამოწვევები
653 _aსაერთაშორისო სამეცნიერო კონფერენცია
653 _aსახელმწიფო ენის სწავლების საკითხები. ივლისი 14-15 2011
942 _cBK
_2udc